Κατάλογος Βιβλιοθηκών Mediterranean College

Συμπεριφορά Καταναλωτή και Στρατηγική Μάρκετινγκ. (Record no. 1663)

MARC details
000 -LEADER
fixed length control field 02958cam a22002054a 4500
005 - ΗΜΕΡΟΜΗΝΙΑ ΚΑΙ ΩΡΑ ΤΕΛΕΥΤΑΙΑΣ ΕΝΗΜΕΡΩΣΗΣ
Πεδίο ελέγχου 20250605163305.0
008 - FIXED-LENGTH DATA ELEMENTS--GENERAL INFORMATION
Πεδίο ελέγχου σταθερού μήκους 250528s ||||||||||||||||||||||||d
035 ## - SYSTEM CONTROL NUMBER
System control number 16126
020 ## - ISBN
ISBN 9603510165
040 ## - ΠΗΓΗ ΚΑΤΑΛΟΓΟΓΡΑΦΗΣΗΣ
Φορέας πρωτότυπης καταλογογράφησης MC Athens Campus Library
Γλώσσα καταλογογράφησης Ελληνικά, Μοντέρνα (1453-)
Modifying agency MC Athens Campus Library
Κανόνες περιγραφικής καταλογογράφησης AACR2
245 1# - ΤΙΤΛΟΣ ΚΑΙ ΔΗΛΩΣΗ ΥΠΕΥΘΥΝΟΤΗΤΑΣ
Τίτλος Συμπεριφορά Καταναλωτή και Στρατηγική Μάρκετινγκ.
Number of part/section of a work Τόμος Α'
260 ## - PUBLICATION, DISTRIBUTION, ETC.
Name of publisher, distributor, etc. Σταμούλης,
Date of publication, distribution, etc. 1994
300 ## - PHYSICAL DESCRIPTION
Extent 464
505 0# - FORMATTED CONTENTS NOTE
Formatted contents note Εισαγωγή στη Συμπεριφορά του Καταναλωτή, Διαδικασία Λήψεως Αποφάσεων Καταναλωτή, Ανάμιξη (Invovement) Καταναλωτή με το Προιόν, Αντίληψη Καταναλωτή και Στρατηγική Μάρκετινγκ, Τμηματοποίηση Αγοράς και Τοποθέτηση Προιόντος και Έρευνα Συμπεριφοράς Καταναλωτή, Σχηματισμός και Μέτρηση και Αλλαγή Στάσεων, Δημογραφικά Χαρακτηριστικά Καταναλωτή, Ψυχογραφικά Χαρακτηριστικά Καταναλωτή, Κοινωνικές και Διαπροσωπικές Επιδράσεις και Επιδράσεις Περίστασης, Υποδείγματα Λήψης Αποφάσεων Καταναλωτών, Επιλογή Καταστήματος και Αγοραστική Συμπεριφορά, Επικοινωνίες Μάρκετινγκ και Διαφήμιση, Συμπεριφορά Βιομηχανικού Αγοραστή, Καταναλωτής και Δημόσια Πολιτική.
520 ## - SUMMARY, ETC.
Summary, etc. Εισαγωγή στη Συμπεριφορά του Καταναλωτή, Διαδικασία Λήψεως Αποφάσεων Καταναλωτή, Ανάμιξη (Invovement) Καταναλωτή με το Προιόν, Αντίληψη Καταναλωτή και Στρατηγική Μάρκετινγκ, Τμηματοποίηση Αγοράς και Τοποθέτηση Προιόντος και Έρευνα Συμπεριφοράς Καταναλωτή, Σχηματισμός και Μέτρηση και Αλλαγή Στάσεων, Δημογραφικά Χαρακτηριστικά Καταναλωτή, Ψυχογραφικά Χαρακτηριστικά Καταναλωτή, Κοινωνικές και Διαπροσωπικές Επιδράσεις και Επιδράσεις Περίστασης, Υποδείγματα Λήψης Αποφάσεων Καταναλωτών, Επιλογή Καταστήματος και Αγοραστική Συμπεριφορά, Επικοινωνίες Μάρκετινγκ και Διαφήμιση, Συμπεριφορά Βιομηχανικού Αγοραστή, Καταναλωτής και Δημόσια Πολιτική.
700 1# - ΠΡΟΣΘΕΤΗ ΑΝΑΓΡΑΦΗ--ΦΥΣΙΚΟ ΠΡΟΣΩΠΟ
Personal name Σιώμκος Γεώργιος Ι
942 ## - ADDED ENTRY ELEMENTS (KOHA)
Koha item type Books
Holdings
Τύπος τεκμηρίου Βιβλιοθήκη Τρέχουσα τοποθεσία Barcode Αριθμός εισαγωγής Ημερομηνία απόκτησης Ταξιθετικό σύμβολο Αριθμός αντιτύπου Κατάσταση απόσυρσης Κατάσταση χαμένου Κατάσταση κατεστραμμένου Μη δανεισμός Σύνολο δανεισμών Ημερομηνία τελευταίας εμφάνισης Η τιμή ισχύει από
Books MC Athens Campus Library MC Athens Campus Library 9780000016621 2755 05/06/2025 658.8342 SIO V.A 3           05/06/2025 05/06/2025

MC Athens Campus Library
Πατησίων 94 & Κοδριγκτώνος 13, 104 34
Πελλήνης 8 & Πατησίων 107, 112 51
Τ: +30 210 8899600

MC Thessaloniki Campus Library
Ίωνος Δραγούμη 21, 54625 | Ίωνος Δραγούμη 15, 54625
Τ: +30 2310 287779 – Τ: +30 2314 440300